00325nam a22001217a 4500020001800000040000900018082001300027100002000040245003700060250001600097260005300113650003700166 a9788131701829 cNust a530bBEN aBentley, P John aPrinciples of Measurement System a3rd Edition aIndia:bPearson Education services India,c43551 aPrinciples of Measurement System